| 000 | 01335nam a2200313Ia 4500 | ||
|---|---|---|---|
| 001 | dia_1838 | ||
| 003 | CHAP | ||
| 005 | 20251021153018.0 | ||
| 008 | 220117s1973 xx 000 0 und d | ||
| 010 | _a172376 | ||
| 040 | _cCHAP | ||
| 082 | _a307.72 C66 1973 | ||
| 111 |
_aLa Comunidad Rural Mexicana : filosofía, recursos y estrategias para promover su desarrollo (1972 : Chapingo, México) _9151666 |
||
| 245 | _aLa Comunidad Rural Mexicana : filosofía, recursos y estrategias para promover su desarrollo | ||
| 260 |
_aMéxico : _b Escuela Nacional de Agricultura, Departamento de Industrias Agrícolas, _c1973 |
||
| 300 | _a105 p. | ||
| 400 | _aCOLECCIÓN INGENIERÍA DE SUELOS, 3 | ||
| 440 |
_aSección de proyectos (ENA. DIA) _9147177 |
||
| 590 | _aHN112.5 C66 1973 | ||
| 650 |
_aCommunity development _xMexico _9151667 |
||
| 650 |
_aComunidades rurales _xMéxico _xAspectos económicos _9151668 |
||
| 650 |
_aDesarrollo comunitario _xMéxico _9151669 |
||
| 650 |
_aRural communities _xMexico _xEconomical aspects _9151670 |
||
| 711 |
_aLa Comunidad Rural Mexicana : filosofía, recursos y estrategias para promover su desarrollo (1972 : Chapingo, México) _9151666 |
||
| 901 | _a307.72 C66 1973 | ||
| 902 | _aM | ||
| 905 | _a5232271973 mx x 8223323322spa16 | ||
| 942 |
_cLIBRO _2ddc |
||
| 999 |
_c172376 _d172376 |
||